000 00468nam a2200181Ia 4500
003 GCL
005 20240530100028.0
008 140319s9999 xx 000 0 eng d
040 _aGCL /
_cGCL
082 0 4 _a100
_bS P
100 1 _aSTUMPF, SAMUEL ENOCH
245 1 0 _aPHILOSOPHICAL PROBLEMS /
_cSTUMPF, SAMUEL ENOCH
260 _a[S.N] :
_bMC GRAW - HILL ،
_c1994
300 _a966 P
650 0 4 _aPHILOSOPHY - HISTORY
650 0 4 _aPHILOSOPHY
942 _2ddc
_cBK
999 _c13197
_d13197